000 00331nam a2200133Ia 4500
008 231129s1993||||xx |||||||||||||| ||spa||
040 _bspa
082 _aR 467.9861 H135n
100 _aHaensch Gunther
245 0 _aNuevo diccionario de Americanismos
260 _c1993
264 _aInstituto Caro y Cuervo
942 _2ddc
_cBKS
999 _c21908
_d21908